|
|
|
|
| LEADER |
00000naa a2200000 c 4500 |
| 001 |
1671517644 |
| 003 |
DE-627 |
| 005 |
20190816194148.0 |
| 007 |
tu |
| 008 |
190816s2019 xx ||||| 00| ||ger c |
| 020 |
|
|
|a 9783848756636
|
| 035 |
|
|
|a (DE-627)1671517644
|
| 035 |
|
|
|a (DE-599)KXP1671517644
|
| 040 |
|
|
|a DE-627
|b ger
|c DE-627
|e rda
|
| 041 |
|
|
|a ger
|
| 100 |
1 |
|
|a Ströbele, Hans-Christian
|d 1939-2022
|e VerfasserIn
|0 (DE-588)118619357
|0 (DE-627)079408400
|0 (DE-576)209124776
|4 aut
|
| 109 |
|
|
|a Ströbele, Hans-Christian 1939-2022
|a Stroebele, Christian 1939-2022
|a Ströbele, Christian 1939-2022
|a Ströbele, H.-Ch. 1939-2022
|
| 245 |
1 |
4 |
|a Ein Zeitzeuge zu einem halben Jahrhundert Antiterrorgesetzgebung
|b Sinn, Unsinn und Alternativen
|c Hans-Christian Ströbele
|
| 264 |
|
1 |
|c 2019
|
| 336 |
|
|
|a Text
|b txt
|2 rdacontent
|
| 337 |
|
|
|a ohne Hilfsmittel zu benutzen
|b n
|2 rdamedia
|
| 338 |
|
|
|a Band
|b nc
|2 rdacarrier
|
| 650 |
|
4 |
|a Staatsschutzstrafrecht
|7 (dpeaa)DE-208
|
| 689 |
0 |
0 |
|d g
|0 (DE-588)4011882-4
|0 (DE-627)104704861
|0 (DE-576)208896155
|a Deutschland
|2 gnd
|
| 689 |
0 |
1 |
|d b
|0 (DE-588)1028192703
|0 (DE-627)730438449
|0 (DE-576)375699473
|a Nationalsozialistischer Untergrund
|2 gnd
|
| 689 |
0 |
2 |
|d s
|0 (DE-588)4236561-2
|0 (DE-627)104893435
|0 (DE-576)210397861
|a Aufklärung
|g Kriminologie
|2 gnd
|
| 689 |
0 |
3 |
|d s
|0 (DE-588)4127576-7
|0 (DE-627)105723800
|0 (DE-576)209594713
|a Defizit
|2 gnd
|
| 689 |
0 |
|
|5 (DE-627)
|
| 689 |
1 |
0 |
|d g
|0 (DE-588)4011882-4
|0 (DE-627)104704861
|0 (DE-576)208896155
|a Deutschland
|2 gnd
|
| 689 |
1 |
1 |
|d s
|0 (DE-588)4059534-1
|0 (DE-627)106143212
|0 (DE-576)209131136
|a Terrorismus
|2 gnd
|
| 689 |
1 |
2 |
|d s
|0 (DE-588)4112701-8
|0 (DE-627)104321679
|0 (DE-576)209470127
|a Bekämpfung
|2 gnd
|
| 689 |
1 |
3 |
|d s
|0 (DE-588)4057795-8
|0 (DE-627)106149458
|0 (DE-576)209123737
|a Strafrecht
|2 gnd
|
| 689 |
1 |
4 |
|a z
|2 gnd
|a Geschichte 1968-2016
|
| 689 |
1 |
|
|5 (DE-627)
|
| 773 |
0 |
8 |
|i Enthalten in
|a Terrorismusbekämpfung im Spannungsfeld zwischen Freiheit und Sicherheit - Historische Erfahrungen und Aktuelle Herausforderungen (Veranstaltung : 2018 : Berlin)
|t Terrorismusbekämpfung in Europa im Spannungsfeld zwischen Freiheit und Sicherheit
|b 1. Auflage
|d Baden-Baden : Nomos, 2019
|g (2019), Seite 11-23
|h 346 Seiten
|w (DE-627)1665753390
|z 9783848756636
|z 3848756633
|7 nnam
|
| 773 |
1 |
8 |
|g year:2019
|g pages:11-23
|
| 951 |
|
|
|a AR
|
| ELC |
|
|
|b 1
|
| LOK |
|
|
|0 000 xxxxxcx a22 zn 4500
|
| LOK |
|
|
|0 001 3806698767
|
| LOK |
|
|
|0 003 DE-627
|
| LOK |
|
|
|0 004 1671517644
|
| LOK |
|
|
|0 005 20260112105317
|
| LOK |
|
|
|0 008 201118||||||||||||||||ger|||||||
|
| LOK |
|
|
|0 040
|a DE-21-110
|c DE-627
|d DE-21-110
|
| LOK |
|
|
|0 689
|a s
|a Antiterrorgesetze
|
| LOK |
|
|
|0 689
|a s
|a Historische Entwicklung
|
| LOK |
|
|
|0 689
|a s
|a Erfahrungen
|
| LOK |
|
|
|0 689
|a s
|a NSU-Prozess
|
| LOK |
|
|
|0 689
|a s
|a Rechtsterrorismus
|
| LOK |
|
|
|0 689
|a s
|a Verfassungsschutz
|
| LOK |
|
|
|0 689
|a s
|a Zusammenarbeit
|
| LOK |
|
|
|0 689
|a s
|a Strafverfolgung
|
| LOK |
|
|
|0 689
|a s
|a Notstandsgesetze
|
| LOK |
|
|
|0 689
|a s
|a Terrorismusbekämpfung
|
| LOK |
|
|
|0 689
|a s
|a Stammheimer Prozess
|
| LOK |
|
|
|0 689
|a s
|a Terrorismusgesetzgebung
|
| LOK |
|
|
|0 852
|a DE-21-110
|
| LOK |
|
|
|0 852 1
|m p
|9 00
|
| LOK |
|
|
|0 938
|k p
|
| LOK |
|
|
|0 939
|a 18-11-20
|b l01
|
| ORI |
|
|
|a SA-MARC-krimdoka001.raw
|
| TIM |
|
|
|a 100019680101_100020161231
|b Geschichte 1968-2016
|